000 00404nam a2200145Ia 4500
008 230711s9999||||xx |||||||||||||| ||und||
041 _aENG
082 _a720
_bHA-A
100 _aHalse,Albert O
245 0 _aArchitectural rendering the techniques of contemporary presentation
250 _a1st Ed.
260 _c1980
_aNew York
_bTata McGraw Hill Education Limited
650 _aArchitecture
942 _cBK
999 _c813
_d813